000 00688nam a22002417a 4500
003 UA-OsUOA
001 28257
007 ta
008 20050314b un ||||| |||| 00| 0 ukr d
090 _a94(477).10
_bО-75
942 _cBK
040 _aUA-OsUOA
_brus
_cUA-OsUOA
_dUA-OsUOA
245 _aВосстановленте Приднепровья 1946-1950
_bДокументы и материалы
_c570 [Рук. кол. сост.] И.Ф.Курас
300 _a534 с.
955 _a0
041 _arus
080 _a94(477).10
020 _a5-319-00005-7
260 _aКиев
_bПолитиздат Украины
_c1988
044 _aUA
650 7 _2UDC
999 _c314620
_d314620